Normal view MARC view
  • Authors, Turkish

Entry Topical Term

Number of records used in: 1

001 - CONTROL NUMBER

  • control field: 117350

003 - CONTROL NUMBER IDENTIFIER

  • control field: TR-AnTOB

005 - DATE AND TIME OF LATEST TRANSACTION

  • control field: 20200304101556.0

008 - FIXED-LENGTH DATA ELEMENTS

  • fixed length control field: 860211i| azannbab| |a ana

024 ## - OTHER STANDARD IDENTIFIER

  • Source of number or code: uri
  • Standard number or code: http://koha.etu.edu.tr/cgi-bin/koha/opac-authoritiesdetail.pl?authid=117350

035 ## - SYSTEM CONTROL NUMBER

  • System control number: (TR-AnTOB)117350

040 ## - CATALOGING SOURCE

  • Original cataloging agency: TR-AnTOB
  • Transcribing agency: TR-AnTOB

150 #0 - HEADING--TOPICAL TERM

  • Topical term or geographic name entry element: Authors, Turkish
  • Geographic subdivision: Bulgaria
  • Form subdivision: Biography

450 ## - SEE FROM TRACING--TOPICAL TERM

  • Topical term or geographic name entry element: Yazarlar, Türk
  • Geographic subdivision: Bulgaristan
  • Form subdivision: Biyografi

672 ## - TITLE RELATED TO THE ENTITY

  • Title: İslam Beytullah Erdi : $b hayatı, sanatı, eserleri / $c Nazlı Rana Gürel ; Zeki Gürel.
  • Date: 2012
  • Bibliographic record control number: 200421537

688 ## - APPLICATION HISTORY NOTE

  • Application history note: lcsh Op 21.01.2020

750 ## - ESTABLISHED HEADING LINKING ENTRY--TOPICAL TERM

  • Authority record control number or standard number: (TR-AnTOB)117351
  • Source of heading or term: etuturkob
Devinim Yazılım Eğitim Danışmanlık tarafından Koha'nın orjinal sürümü uyarlanarak geliştirilip kurulmuştur.